[Event "Biel"]
[Site "?"]
[Date "1991.??.??"]
[Round "?"]
[White "Lautier, J."]
[Black "Bareev, E."]
[Result "1/2-1/2"]
[WhiteElo "2560"]
[BlackElo "2680"]
[PlyCount "95"]
[EventDate "1991.??.??"]
[Source "ChessBase"]
[SourceDate "1991.06.01"]

1. Nf3 f5 2. e4 fxe4 3. Ng5 d5 4. d3 Qd6 5. dxe4 h6 6. Qh5+ g6 7. Qh4 c6 8. Bd3 Bg7 9. Nf3 g5 10. Qh5+ Kf8 11. O-O Nd7 12. e5 Nxe5 13. Nxe5 Bxe5 14. f4 Bxf4 15. Bxf4 gxf4 16. Nc3 Nf6 17. Qh4 e5 18. Ne2 Bg4 19. Nxf4 exf4 20. h3 Kf7 21. hxg4 Qe5 22. Qh2 Qe3+ 23. Kh1 Qg3 24. Rxf4 Qxh2+ 25. Kxh2 Kg7 26. Raf1 Rhf8 27. Kg3 Rae8 28. Kh4 Nd7 29. Rxf8 Nxf8 30. g5 hxg5+ 31. Kxg5 Ne6+ 32. Kg4 Nc5 33. Bf5 Ne4 34. Kf4 Nf6 35. g4 d4 36. Rf2 c5 37. Rh2 c4 38. Rd2 Rd8 39. g5 Nd5+ 40. Ke5 Ne3 41. Be6 d3 42. cxd3 cxd3 43. Ke4 Re8 44. Kxe3 Rxe6+ 45. Kxd3 Rd6+ 46. Ke3 Rxd2 47. Kxd2 Kg6 48. Ke3 1/2-1/2

[Event "Yerevan op"]
[Site "?"]
[Date "1996.??.??"]
[Round "7"]
[White "Razuvaev Yuri S"]
[Black "Malaniuk Vladimir P"]
[Result "1/2-1/2"]
[WhiteElo "2580"]
[BlackElo "2585"]
[PlyCount "47"]
[EventDate "1996.??.??"]
[Source "www.chesslib.no"]
[SourceDate "2004.05.04"]

1. Nf3 f5 2. g3 Nf6 3. Bg2 d6 4. c4 e5 5. d4 e4 6. Ng5 c6 7. d5 h6 8. Nh3 cxd5 9. cxd5 g5 10. Nc3 Bg7 11. f3 exf3 12. exf3 O-O 13. O-O Re8 14. f4 g4 15. Nf2 Na6 16. Re1 Rxe1+ 17. Qxe1 Bd7 18. Be3 h5 19. Bd4 Ne8 20. Bxg7 Nxg7 21. Qe3 Qb6 22. Qxb6 axb6 23. Nd3 Kf7 24. Kf2 1/2-1/2

[Event "Elenite"]
[Site "Elenite"]
[Date "1992.??.??"]
[Round "10"]
[White "Kurajica, Bojan"]
[Black "Topalov, Veselin"]
[Result "0-1"]
[WhiteElo "2590"]
[BlackElo "2520"]
[PlyCount "94"]
[EventDate "1992.??.??"]
[Source "ChessBase"]

1. Nf3 f5 2. g3 Nf6 3. Bg2 g6 4. b4 Bg7 5. Bb2 d6 6. d4 O-O 7. O-O c6 8. c4 Na6 9. Qb3 Nc7 10. a4 h6 11. Nc3 Qe8 12. d5 cxd5 13. cxd5 Bd7 14. b5 Qf7 15. Nd4 Ng4 16. Nd1 f4 17. Rc1 Rac8 18. h3 Ne5 19. a5 g5 20. b6 axb6 21. axb6 Na6 22. Rxc8 Rxc8 23. Nc3 Nc5 24. Qd1 Ned3 25. exd3 Bxd4 26. gxf4 gxf4 27. Na4 Bxb2 28. Nxb2 Qg7 29. d4 Bxh3 30. Qf3 Bxg2 31. Qxg2 Qxg2+ 32. Kxg2 Nd7 33. Nd3 Rc4 34. Nxf4 Rxd4 35. Kf3 Nxb6 36. Ke3 Rb4 37. Rh1 Kg7 38. Ne6+ Kf7 39. Nf4 Rb5 40. Kd4 Kf6 41. Ke4 Kg7 42. f3 Nd7 43. Kf5 Kf7 44. Ke4 Nf6+ 45. Kd4 Rb4+ 46. Ke3 Rb3+ 47. Kf2 Rb5 0-1

[Event "Europa ch 2008"]
[Site "Plovdiv BUL"]
[Date "2008.05.01"]
[Round "10.66"]
[White "Bindrich, Falko"]
[Black "Werle, Jan"]
[Result "1-0"]
[WhiteElo "2513"]
[BlackElo "2581"]
[PlyCount "75"]
[EventDate "2008.04.21"]
[Source "www.chesslib.no"]
[SourceDate "2004.05.04"]

1. Nf3 f5 2. d3 d6 3. e4 g6 4. exf5 Bxf5 5. d4 Bg7 6. Bd3 Qd7 7. O-O Nc6 8. c3 e5 9. dxe5 dxe5 10. Bb5 O-O-O 11. Qa4 Bd3 12. Bxc6 Qxc6 13. Qxc6 bxc6 14. Re1 Nf6 15. Be3 Rd5 16. Nbd2 Re8 17. h3 e4 18. Nd4 c5 19. Nc6 Kb7 20. Na5+ Ka6 21. Nac4 Nd7 22. Bf4 Nb6 23. Ne3 Rd7 24. a4 c6 25. Nb3 Bf8 26. Ng4 c4 27. Nf6 cxb3 28. Nxe8 Nd5 29. Bg5 Rf7 30. Bh4 Bc5 31. Bg3 e3 32. fxe3 Nxe3 33. Bf2 Rxf2 34. Kxf2 Nc2+ 35. Kf3 Nxa1 36. Rxa1 Ka5 37. Nf6 h5 38. Nd7 1-0

[Event "ECC, Panormo GRE"]
[Site "?"]
[Date "2001.??.??"]
[Round "5"]
[White "Krasenkow, M."]
[Black "Kindermann, S."]
[Result "1-0"]
[WhiteElo "2570"]
[BlackElo "2520"]
[PlyCount "45"]
[EventDate "2001.??.??"]
[Source "www.chesslib.no"]
[SourceDate "2004.05.04"]

1. Nf3 f5 2. d3 d6 3. e4 e5 4. Nc3 Nc6 5. exf5 Bxf5 6. d4 Nb4 7. Bb5+ c6 8. Ba4 e4 9. Ng5 d5 10. f3 exf3 11. O-O Nf6 12. a3 Na6 13. Qxf3 Bg4 14. Qd3 Qd7 15. h3 Bh5 16. Re1+ Be7 17. Ne6 Kf7 18. Nxd5 Nxd5 19. Qf5+ Nf6 20. Bb3 Bg6 21. Nxg7+ Kf8 22. Qxd7 Nxd7 23. Bh6 1-0

[Event "Moscow RUS"]
[Site "?"]
[Date "1996.??.??"]
[Round "9"]
[White "Rashkovsky Nukhim N"]
[Black "Malaniuk Vladimir P"]
[Result "0-1"]
[WhiteElo "2505"]
[BlackElo "2585"]
[PlyCount "44"]
[EventDate "1996.??.??"]
[Source "www.chesslib.no"]
[SourceDate "2004.05.04"]

1. Nf3 f5 2. d3 d6 3. g3 Nf6 4. Bg2 e5 5. O-O c6 6. e4 Be7 7. c3 fxe4 8. dxe4 O-O 9. Qb3+ Kh8 10. Ng5 Qe8 11. Ne6 Bxe6 12. Qxe6 Nbd7 13. Be3 Qf7 14. Qxf7 Rxf7 15. h3 d5 16. Nd2 Nc5 17. exd5 Nxd5 18. Bxc5 Bxc5 19. Ne4 Bb6 20. Rad1 Nf6 21. Nd6 Rd7 22. Rfe1 Rad8 0-1

[Event "RUS-ch sf"]
[Site "?"]
[Date "2003.??.??"]
[Round "9"]
[White "Hasangatin Ramil"]
[Black "Kornev Alexei"]
[Result "1/2-1/2"]
[WhiteElo "2523"]
[BlackElo "2558"]
[PlyCount "33"]
[EventDate "2003.??.??"]
[Source "www.chesslib.no"]
[SourceDate "2004.05.04"]

1. Nf3 f5 2. b4 d6 3. c4 e5 4. d3 e4 5. Nfd2 Nf6 6. e3 c6 7. Bb2 d5 8. Qb3 Be6 9. Nc3 dxc4 10. dxc4 Nbd7 11. Ne2 c5 12. Nf4 Bf7 13. bxc5 Nxc5 14. Qb5+ Qd7 15. Bxf6 gxf6 16. Nd5 O-O-O 17. Qxd7+ 1/2-1/2

[Event "14 Open A"]
[Site "Wien"]
[Date "2003.08.24"]
[Round "9"]
[White "Eingorn, Vereslav"]
[Black "Kopylov, Mihail"]
[Result "1/2-1/2"]
[WhiteElo "2611"]
[BlackElo "2450"]
[PlyCount "39"]
[EventDate "2003.08.16"]
[Source "Roberto Alvarez"]
[SourceDate "2003.09.01"]

1. Nf3 f5 2. d3 d6 3. e4 e5 4. g3 Nf6 5. Nc3 Nc6 6. Bg2 fxe4 7. dxe4 Be7 8. O-O O-O 9. h3 Kh8 10. Be3 Qe8 11. Re1 Qf7 12. Qe2 Bd7 13. Rad1 Bd8 14. Bc1 Qh5 15. Nh2 Nd4 16. Qxh5 Nxh5 17. Rd2 Bg5 18. Rdd1 Bd8 19. Rd2 Bg5 20. Rdd1 1/2-1/2

[Event "Olomouc CZE, GM-A 2005"]
[Site "?"]
[Date "2005.??.??"]
[Round "11.4"]
[White "Laznicka Viktor"]
[Black "Potapov Alexander"]
[Result "1/2-1/2"]
[WhiteElo "2517"]
[BlackElo "2530"]
[PlyCount "56"]
[EventDate "2005.??.??"]
[Source "www.chesslib.no"]
[SourceDate "2004.05.04"]

1. Nf3 f5 2. d3 d6 3. e4 e5 4. Nc3 Nf6 5. exf5 Bxf5 6. d4 e4 7. Nh4 Be6 8. d5 Bf7 9. g3 c6 10. Bg5 cxd5 11. Bb5+ Nc6 12. Bxf6 gxf6 13. O-O a6 14. Ba4 Qa5 15. Bb3 Ne7 16. Qd2 Qc5 17. Rad1 Rc8 18. Qf4 Rg8 19. Nf5 Nxf5 20. Qxf5 Rg5 21. Qxf6 Be7 22. Qf4 Re5 23. Qd2 Bg5 24. Qd4 Qxd4 25. Rxd4 Rc5 26. Rfd1 Bh5 27. Re1 Bf7 28. Red1 Bh5 1/2-1/2

[Event "Geneve Open"]
[Site "Geneva SUI"]
[Date "1995.??.??"]
[Round "2"]
[White "Kovacevic, Vlatko"]
[Black "Milov, Leonid"]
[Result "0-1"]
[WhiteElo "2520"]
[BlackElo "2525"]
[PlyCount "84"]
[EventDate "1995.??.??"]
[Source "www.chesslib.no"]
[SourceDate "2004.05.04"]

1. Nf3 f5 2. d3 d6 3. e4 e5 4. c3 Nf6 5. Bg5 Be7 6. Bxf6 Bxf6 7. Qb3 Na6 8. Nbd2 Nc5 9. Qc2 a5 10. Be2 O-O 11. b4 axb4 12. cxb4 Ne6 13. g3 c6 14. exf5 e4 15. Nxe4 Bxa1 16. fxe6 Bxe6 17. a4 d5 18. Qa2 Qe7 19. Neg5 Bc3+ 20. Kf1 Bg4 21. Kg2 h6 22. h3 Bh5 23. g4 Bg6 24. Ne4 Bxb4 25. Ng3 Rf4 26. Rd1 Raf8 27. Qb3 Bd6 28. Rf1 Bc5 29. Re1 Ba7 30. Qd1 Qa3 31. Qd2 Qxa4 32. Rb1 b5 33. Rb2 Qa6 34. Nf5 Bxf5 35. Qxf4 Bxd3 36. Qd2 Be4 37. Ra2 Qb6 38. Bd1 b4 39. Rb2 c5 40. Kg1 Rxf3 41. Bxf3 Bxf3 42. Qf4 Be4 0-1

[Event "Ostende Open"]
[Site "Ostende"]
[Date "1991.??.??"]
[Round "9"]
[White "McNab, Colin Anderson"]
[Black "Vyzmanavin, Alexey B"]
[Result "0-1"]
[WhiteElo "2425"]
[BlackElo "2590"]
[PlyCount "72"]
[EventDate "1991.09.??"]
[Source "www.chesslib.no"]
[SourceDate "2004.05.04"]

1. Nf3 f5 2. b3 Nf6 3. Bb2 e6 4. g3 Be7 5. Bg2 O-O 6. O-O d5 7. c4 b6 8. Qc2 c6 9. d3 Bb7 10. Nbd2 c5 11. cxd5 exd5 12. Ne5 Nbd7 13. Ndf3 Bd6 14. d4 Ne4 15. Rad1 Rc8 16. Nxd7 Qxd7 17. dxc5 bxc5 18. Ne1 Qe6 19. Nd3 d4 20. e3 dxe3 21. fxe3 Ba6 22. Nf4 Qh6 23. Rfe1 Rce8 24. Rd5 Bb7 25. Rd3 Bc6 26. Red1 Bc7 27. Qc4+ Kh8 28. a4 Rg8 29. Qf7 Bxf4 30. exf4 Qg6 31. Qxa7 Qe6 32. Qc7 Re7 33. Qa5 Nf2 34. Rd6 Qe3 35. Qd2 Nxd1+ 36. Qxe3 Rxe3 0-1

[Event "Polish Extraleague"]
[Site "Lubniewice"]
[Date "2003.09.05"]
[Round "7"]
[White "Cyborowski, Lukasz"]
[Black "Gajewski, Grzegorz"]
[Result "1/2-1/2"]
[WhiteElo "2550"]
[BlackElo "2456"]
[PlyCount "116"]
[EventDate "2003.08.30"]
[Source "Roberto Alvarez"]
[SourceDate "2003.09.15"]

1. Nf3 f5 2. e4 fxe4 3. Ng5 Nf6 4. d3 d5 5. dxe4 Nxe4 6. Nxe4 dxe4 7. Qh5+ g6 8. Qe5 Rg8 9. Qxe4 Bg7 10. Bc4 Rf8 11. O-O Qd4 12. Nc3 Qxe4 13. Nxe4 Bf5 14. Ng5 h6 15. Ne6 Bxe6 16. Bxe6 Nc6 17. c3 Rf6 18. Re1 Rd8 19. Bc4 a6 20. Bf1 Rf5 21. Be3 Ne5 22. Bd4 c5 23. Bxc5 Nf3+ 24. gxf3 Rxc5 25. Rad1 Rcd5 26. Rxd5 Rxd5 27. Re4 a5 28. Re6 Rd6 29. Bb5+ Kd8 30. Re2 Bf6 31. Kg2 Bg5 32. Kg3 Rd2 33. f4 Rxe2 34. Bxe2 Bf6 35. Bd3 g5 36. fxg5 hxg5 37. f4 Ke8 38. Bc4 Kf8 39. Bd5 b6 40. h3 gxf4+ 41. Kxf4 Kg7 42. Ke4 Bg5 43. Kd3 Bc1 44. Kc2 Be3 45. Kd3 Bg1 46. h4 Bf2 47. h5 Bg1 48. Kc4 Bf2 49. Kb5 Be3 50. Bf3 Bf2 51. Be2 Be3 52. Bd1 Bf2 53. a3 Be3 54. b4 axb4 55. axb4 Bf2 56. c4 Be3 57. c5 bxc5 58. bxc5 Bxc5 1/2-1/2

[Event "Liepajas Rokade"]
[Site "Liepaya"]
[Date "2004.07.30"]
[Round "2"]
[White "Kengis, Edvins"]
[Black "Neiksans, Arturs"]
[Result "1-0"]
[WhiteElo "2563"]
[BlackElo "2440"]
[PlyCount "53"]
[EventDate "2004.07.30"]
[SourceDate "2004.08.11"]

1. Nf3 f5 2. g3 Nf6 3. Bg2 g6 4. b4 Bg7 5. Bb2 O-O 6. c4 d6 7. d4 c6 8. O-O a5 9. b5 Ne4 10. Nbd2 Be6 11. bxc6 Nxc6 12. e3 Nxd2 13. Nxd2 Bf7 14. Rb1 Qc7 15. Qa4 e5 16. c5 dxc5 17. dxe5 Nxe5 18. Bxe5 Qxe5 19. Rxb7 Rad8 20. Nc4 Qc3 21. Nxa5 Rd2 22. Nb3 Rc2 23. Qa7 Qf6 24. Rd1 c4 25. Nc5 Rd8 26. Rxd8+ Qxd8 27. Rb8 1-0

[Event "Lvov"]
[Site "Lvov"]
[Date "1984.??.??"]
[Round "7"]
[White "Dorfman, Josif D"]
[Black "Malaniuk, Vladimir P"]
[Result "1/2-1/2"]
[WhiteElo "2515"]
[BlackElo "2485"]
[PlyCount "35"]
[EventDate "1984.02.??"]
[Source "ChessBase"]

1. Nf3 f5 2. d3 d6 3. e4 e5 4. exf5 Bxf5 5. g3 Nc6 6. Bg2 Be7 7. Nc3 Nf6 8. O-O O-O 9. Bg5 Qd7 10. Bxf6 Rxf6 11. Nd5 Rff8 12. Nd2 Rae8 13. Ne4 Bd8 14. f4 exf4 15. Rxf4 Be6 16. Rxf8+ Rxf8 17. Nf4 Ne5 18. Nxe6 1/2-1/2

[Event "TCh-BIH Prem"]
[Site "?"]
[Date "2005.06.12"]
[Round "9"]
[White "Kozul Zdenko"]
[Black "Bogut Zeljko"]
[Result "1-0"]
[WhiteElo "2591"]
[BlackElo "2407"]
[PlyCount "87"]
[EventDate "2005.??.??"]
[Source "www.chesslib.no"]
[SourceDate "2004.05.04"]

1. Nf3 f5 2. g3 Nf6 3. Bg2 g6 4. O-O Bg7 5. d3 Nc6 6. Nbd2 e5 7. e4 d6 8. c3 O-O 9. Qb3+ Kh8 10. Ng5 Qe7 11. exf5 gxf5 12. f4 h6 13. Ngf3 exf4 14. Re1 Ne5 15. d4 Be6 16. dxe5 Bxb3 17. exf6 Qxf6 18. Nxb3 fxg3 19. hxg3 Rae8 20. Bf4 Qf7 21. Nbd4 Rxe1+ 22. Rxe1 Qxa2 23. Nh4 Bxd4+ 24. cxd4 Rf6 25. Bc1 c6 26. Kh2 Kg8 27. d5 c5 28. Rf1 Qc4 29. Bd2 Qc2 30. Bc3 Rf7 31. Re1 b5 32. Re8+ Rf8 33. Re6 b4 34. Bf6 Rxf6 35. Rxf6 Qxb2 36. Rxd6 b3 37. Rd8+ Kf7 38. Rb8 Qc2 39. Rb7+ Ke8 40. d6 b2 41. Nxf5 b1=Q 42. Ng7+ Kd8 43. Ne6+ Ke8 44. Re7# 1-0

[Event "NED Ch"]
[Site "NED"]
[Date "1993.??.??"]
[Round "?"]
[White "Van Wely, Loek"]
[Black "Van Mil, Johannes A J"]
[Result "1-0"]
[WhiteElo "2560"]
[BlackElo "2435"]
[PlyCount "41"]
[EventDate "1993.06.??"]
[Source "www.chesslib.no"]
[SourceDate "2004.05.04"]

1. Nf3 f5 2. b3 Nf6 3. Bb2 g6 4. Bxf6 exf6 5. g3 d5 6. Bg2 Nc6 7. d4 Be6 8. O-O Qd7 9. e3 h5 10. Qe2 Qf7 11. Rc1 a6 12. c4 Rd8 13. Nc3 Ba3 14. Rd1 dxc4 15. d5 Bxd5 16. Nxd5 Rxd5 17. Nd4 Rc5 18. Nxc6 bxc6 19. b4 Rd5 20. Bxd5 cxd5 21. Qc2 1-0

[Event "Porz"]
[Site "Porz"]
[Date "1992.??.??"]
[Round "9"]
[White "Smejkal, Jan"]
[Black "Kalinitschew, Sergey"]
[Result "1-0"]
[WhiteElo "2525"]
[BlackElo "2465"]
[PlyCount "117"]
[EventDate "1992.08.??"]
[Source "ChessBase"]

1. Nf3 f5 2. g3 Nf6 3. Bg2 g6 4. b3 Bg7 5. Bb2 O-O 6. O-O Nc6 7. c4 Qe8 8. d4 d6 9. d5 Nd8 10. Nc3 h6 11. Qc2 Qf7 12. e3 Bd7 13. Rad1 c6 14. Nd4 Rc8 15. Qe2 a6 16. Ba1 Kh8 17. Kh1 Re8 18. Qd3 Ng4 19. f3 Nf6 20. e4 f4 21. gxf4 Nh5 22. f5 gxf5 23. exf5 Nf4 24. Qd2 Nxg2 25. Qxg2 Bxf5 26. Nxf5 Qxf5 27. Rg1 Rg8 28. Ne4 Qf7 29. Qh3 Bxa1 30. Rxa1 Qf4 31. Ng5 Nf7 32. Nxf7+ Qxf7 33. Qxh6+ Qh7 34. Qxh7+ Kxh7 35. Rxg8 Rxg8 36. Re1 Rg7 37. Re4 Rf7 38. Kg2 Kg6 39. dxc6 bxc6 40. Kg3 c5 41. Rg4+ Kh6 42. Rf4 Rg7+ 43. Kh3 Rg5 44. Rh4+ Kg6 45. Rg4 Kh5 46. Rxg5+ Kxg5 47. Kg3 e6 48. f4+ Kf5 49. h4 d5 50. cxd5 exd5 51. h5 a5 52. Kf3 d4 53. Ke2 Kf6 54. Kd3 Kf5 55. a3 Kf6 56. b4 cxb4 57. axb4 axb4 58. Kxd4 Kg7 59. f5 1-0

[Event "Malaga Open"]
[Site "Malaga ESP"]
[Date "1991.??.??"]
[Round "3"]
[White "San Segundo Carrillo, Pablo"]
[Black "Machulsky, Anatoly D"]
[Result "0-1"]
[WhiteElo "2430"]
[BlackElo "2555"]
[PlyCount "49"]
[EventDate "1991.??.??"]
[Source "www.chesslib.no"]
[SourceDate "2004.05.04"]

1. Nf3 f5 2. e4 fxe4 3. Ng5 e5 4. d4 exd4 5. Nxe4 Nf6 6. Bg5 Be7 7. Bxf6 Bxf6 8. Bc4 Kf8 9. Bb3 d5 10. Qh5 c6 11. O-O Be6 12. Nxf6 Qxf6 13. Nd2 a5 14. a4 Nd7 15. Ra3 Ne5 16. Re1 Ng4 17. Nf3 g6 18. Qg5 Qxg5 19. Nxg5 Bf5 20. h3 Nf6 21. g4 Bd7 22. Nf3 h5 23. g5 Ne4 24. h4 Re8 25. Nxd4 0-1

[Event "Dresden op"]
[Site "?"]
[Date "2000.07.15"]
[Round "9"]
[White "Gutman Lev"]
[Black "Balinov Ilija"]
[Result "1-0"]
[WhiteElo "2530"]
[BlackElo "2450"]
[PlyCount "117"]
[EventDate "2000.??.??"]
[Source "www.chesslib.no"]
[SourceDate "2004.05.04"]

1. Nf3 f5 2. g3 Nf6 3. Bg2 g6 4. c3 Bg7 5. Qb3 e6 6. O-O Nc6 7. d4 O-O 8. c4 Qe7 9. Nc3 Kh8 10. d5 Nd8 11. e4 e5 12. d6 cxd6 13. exf5 gxf5 14. Nh4 Ne8 15. Qd1 d5 16. Nxd5 Qf7 17. Bf3 d6 18. Bh5 Qd7 19. Bg6 hxg6 20. Nxg6+ Kg8 21. Nge7+ Kf7 22. Qh5+ Ke6 23. Bg5 Bf6 24. Rfe1 Qxe7 25. Nxe7 Kxe7 26. c5 Nc6 27. Qh7+ Rf7 28. cxd6+ Nxd6 29. Bxf6+ Kxf6 30. Qh8+ Ke7 31. Rad1 Ne8 32. f4 e4 33. b4 a6 34. a4 Be6 35. b5 axb5 36. axb5 Nb8 37. g4 Nd7 38. g5 Rg7 39. Qh3 Ra2 40. Qc3 Rh7 41. Rd2 Rxd2 42. Qxd2 Rh3 43. Re3 Rh4 44. Qf2 Rh8 45. Rc3 Kf7 46. b6 Nf8 47. Qd4 Ng6 48. Rc7+ Kg8 49. Rxb7 Nxf4 50. Qd8 Bf7 51. Rxf7 Kxf7 52. b7 Nh3+ 53. Kf1 Nxg5 54. b8=Q Nf3 55. Qd7+ Kg6 56. Qe6+ Kh5 57. Qf7+ Kh6 58. Qf4+ Ng5 59. Qh4# 1-0

[Event "It (Men) Gausdal NOR"]
[Site "?"]
[Date "2006.04.29"]
[Round "7"]
[White "Bromberger Stefan"]
[Black "Reinderman Dimitri"]
[Result "0-1"]
[WhiteElo "2481"]
[BlackElo "2493"]
[PlyCount "126"]
[EventDate "2006.??.??"]
[Source "www.chesslib.no"]
[SourceDate "2004.05.04"]

1. Nf3 f5 2. d3 Nc6 3. e4 e5 4. Nc3 Bb4 5. exf5 d5 6. Bg5 Nf6 7. d4 Qe7 8. dxe5 Nxe5 9. Nxe5 Qxe5+ 10. Qe2 Qxe2+ 11. Kxe2 Bxc3 12. bxc3 Ne4 13. Bd2 Bxf5 14. f3 Nd6 15. Bf4 O-O-O 16. Bxd6 Rxd6 17. Kd2 d4 18. Bd3 dxc3+ 19. Kxc3 Bxd3 20. cxd3 Rhd8 21. Rhd1 Rc6+ 22. Kd2 Rd5 23. Re1 Kd7 24. a4 a5 25. Re4 Rcd6 26. Ra3 Rd4 27. Rc3 b6 28. Kc2 R6d5 29. f4 c6 30. Rb3 Kc7 31. f5 h5 32. Rc3 Rxe4 33. dxe4 Rd4 34. Rg3 Rxe4 35. Rxg7+ Kd6 36. Rg6+ Kd5 37. Rg5 Rxa4 38. f6+ Ke6 39. Rf5 Kf7 40. Rxh5 Ra2+ 41. Kb3 Rxg2 42. Rh7+ Kxf6 43. Rc7 Kf5 44. Rxc6 Rg6 45. Rc8 Ke5 46. Rh8 Kd5 47. h4 Kc5 48. Rh5+ Kc6 49. Rh8 Rg3+ 50. Ka4 Rg4+ 51. Kb3 Kb5 52. Rh5+ Ka6 53. Rh8 a4+ 54. Kc3 Ka5 55. h5 Rg3+ 56. Kc2 Rh3 57. h6 Kb4 58. h7 b5 59. Kc1 Rh1+ 60. Kc2 Rh2+ 61. Kd1 a3 62. Kc1 a2 63. Ra8 Kb3 0-1

[Event "Schwarzach Open A, Salzburg AUT"]
[Site "?"]
[Date "2001.??.??"]
[Round "4"]
[White "Shchekachev, A."]
[Black "Balinov, I."]
[Result "1-0"]
[WhiteElo "2545"]
[BlackElo "2425"]
[PlyCount "103"]
[EventDate "2001.??.??"]
[Source "www.chesslib.no"]
[SourceDate "2004.05.04"]

1. Nf3 f5 2. g3 Nf6 3. c4 g6 4. b4 Bg7 5. Bb2 d6 6. d4 O-O 7. Bg2 Qe8 8. O-O h6 9. Nbd2 g5 10. e3 Nbd7 11. d5 Nb6 12. a4 a5 13. Nd4 Ng4 14. c5 Nd7 15. h3 Bxd4 16. exd4 Ngf6 17. b5 dxc5 18. dxc5 Nxc5 19. Qc2 b6 20. Rfe1 Rb8 21. Bd4 Rf7 22. Nc4 Nfd7 23. d6 cxd6 24. Nxd6 Qf8 25. Nxf7 Qxf7 26. Rad1 Bb7 27. Bxb7 Rxb7 28. Bxc5 Nxc5 29. Rd8+ Kh7 30. Re5 e6 31. Rd6 Qf6 32. Re1 Kg7 33. Qc4 Kf7 34. Kg2 Rb8 35. Rc6 Rb7 36. Rxb6 Rxb6 37. Qxc5 Qd8 38. Rc1 Qd5+ 39. Qxd5 exd5 40. Kf3 Ke6 41. Ke3 Kd7 42. Kd4 Re6 43. Kxd5 Re4 44. Rc4 Re2 45. b6 Rxf2 46. Rc7+ Kd8 47. Kc6 Rc2+ 48. Kb7 Rg2 49. Ka7 Rxg3 50. b7 Rb3 51. b8=Q+ Rxb8 52. Kxb8 1-0

[Event "KNSB TCh-NED 2007-8"]
[Site "Netherlands NED"]
[Date "2008.02.09"]
[Round "6"]
[White "Fridman, R."]
[Black "Reinderman, D."]
[Result "1/2-1/2"]
[WhiteElo "2433"]
[BlackElo "2533"]
[PlyCount "25"]
[EventDate "2008.02.09"]
[Source "www.chesslib.no"]
[SourceDate "2004.05.04"]

1. Nf3 f5 2. b3 Nf6 3. Bb2 g6 4. Bxf6 exf6 5. c4 c6 6. e3 d5 7. Nc3 Be6 8. cxd5 cxd5 9. Nd4 Bf7 10. Bb5+ Nd7 11. O-O Bd6 12. f4 O-O 13. Bxd7 1/2-1/2

[Event "It (Men) Budapest HUN"]
[Site "?"]
[Date "2000.06.01"]
[Round "11"]
[White "Varga Zoltan"]
[Black "Galyas Miklos"]
[Result "1-0"]
[WhiteElo "2525"]
[BlackElo "2440"]
[PlyCount "53"]
[EventDate "2000.??.??"]
[Source "www.chesslib.no"]
[SourceDate "2004.05.04"]

1. Nf3 f5 2. d3 d6 3. e4 e5 4. Nc3 Nf6 5. exf5 Bxf5 6. d4 Nbd7 7. Bc4 Bg4 8. Be3 Nb6 9. Bd3 Qe7 10. dxe5 dxe5 11. h3 Bh5 12. g4 Bf7 13. Ng5 Bg8 14. a3 O-O-O 15. Qf3 Kb8 16. Nge4 Nbd5 17. O-O-O Nxe3 18. Qxe3 Nd5 19. Nxd5 Bxd5 20. Rhe1 g6 21. Nc3 Bc6 22. Bb5 Rxd1+ 23. Rxd1 Bxb5 24. Nxb5 b6 25. Qe4 Bg7 26. Kb1 Rd8 27. Nd4 1-0

[Event "Corr"]
[Site "?"]
[Date "2000.08.02"]
[Round "?"]
[White "Enricci Juan Andres"]
[Black "Hedrera Marcelo Ernesto"]
[Result "1-0"]
[WhiteElo "2517"]
[BlackElo "2447"]
[PlyCount "51"]
[EventDate "2000.??.??"]
[Source "www.chesslib.no"]
[SourceDate "2004.05.04"]

1. Nf3 f5 2. g3 Nf6 3. Bg2 e6 4. O-O d5 5. d3 Be7 6. Nbd2 O-O 7. c4 c6 8. Qc2 c5 9. d4 cxd4 10. Nxd4 Nc6 11. Nxc6 bxc6 12. b3 a5 13. Bb2 a4 14. e3 Bb4 15. Rfd1 Rf7 16. Nf3 Rfa7 17. Ne5 Bd7 18. Nd3 axb3 19. axb3 Bd6 20. Rxa7 Rxa7 21. Bd4 Rb7 22. c5 Bc7 23. Qb2 Qb8 24. b4 Qf8 25. Ra1 Qd8 26. Ra6 1-0

[Event "1st Integrata GM, Darmstadt GER"]
[Site "?"]
[Date "2001.??.??"]
[Round "1"]
[White "Gutman, L."]
[Black "Grabarczyk, B."]
[Result "0-1"]
[WhiteElo "2530"]
[BlackElo "2430"]
[PlyCount "112"]
[EventDate "2001.??.??"]
[Source "www.chesslib.no"]
[SourceDate "2004.05.04"]

1. Nf3 f5 2. g3 Nf6 3. Bg2 g6 4. c3 Bg7 5. Qb3 Nc6 6. a4 e5 7. d3 d5 8. O-O e4 9. dxe4 dxe4 10. Ng5 Qe7 11. Na3 h6 12. Nh3 Ne5 13. Bf4 g5 14. Bxe5 Qxe5 15. Qb5+ Qxb5 16. Nxb5 Kd8 17. f3 exf3 18. exf3 Bd7 19. f4 g4 20. Nf2 c6 21. Nd6 Kc7 22. Rad1 Bf8 23. Nf7 Rh7 24. Ne5 Be6 25. a5 Bb3 26. Rc1 Rd8 27. c4 Bc5 28. Rc3 Bd1 29. Rd3 Bc2 30. Rxd8 Kxd8 31. Rc1 Be4 32. Kf1 Bxg2+ 33. Kxg2 Kc7 34. Nfd3 Bd4 35. Kf1 Ne4 36. Rd1 h5 37. Ng6 c5 38. b4 b6 39. bxc5 bxc5 40. Nde5 Kb7 41. Rb1+ Ka6 42. Rb8 Kxa5 43. Nf8 Rh6 44. Nfd7 Rd6 45. Rb7 a6 46. Nf7 Re6 47. Nfe5 Bc3 48. Ke2 Bb4 49. Nb8 Ka4 50. Rf7 Nd6 51. Rf8 a5 52. Nbd7 Kb3 53. Kd3 a4 54. Rb8 Ne4 55. Nb6 a3 56. Nd5 Ra6 0-1

[Event "Capablanca Memorial"]
[Site "Cienfuegos City CUB"]
[Date "1989.??.??"]
[Round "11"]
[White "Velikov, Petar V"]
[Black "Moskalenko, Viktor"]
[Result "1/2-1/2"]
[WhiteElo "2465"]
[BlackElo "2490"]
[PlyCount "88"]
[EventDate "1989.??.??"]
[Source "www.chesslib.no"]
[SourceDate "2004.05.04"]

1. Nf3 f5 2. g3 Nf6 3. Bg2 e6 4. b3 d5 5. O-O Bd6 6. d4 Qe7 7. c4 c6 8. Bb2 O-O 9. Qc1 b5 10. c5 Bc7 11. Ne5 a5 12. Nd2 b4 13. Ndf3 Ba6 14. Qc2 Bb5 15. Nd3 Nbd7 16. Bc1 Ne4 17. Bf4 Bxd3 18. Qxd3 e5 19. Nxe5 Nxe5 20. Bxe5 Bxe5 21. dxe5 Qxe5 22. e3 a4 23. Bxe4 fxe4 24. Qc2 axb3 25. Qxb3 Rfb8 26. Rab1 Rb5 27. Qc2 Ra3 28. Rfc1 Rc3 29. Qa4 Ra3 30. Qc2 h6 31. Rb3 Rxb3 32. Qxb3 Qe7 33. a3 Rxc5 34. Rxc5 Qxc5 35. axb4 Qb5 36. Qc3 Kf7 37. h4 h5 38. Qc5 g6 39. Qd6 Qc4 40. Kg2 Qa6 41. Qd7+ Kf6 42. Qe8 Qb7 43. Qd8+ Ke6 44. Qe8+ Kf6 1/2-1/2

[Event "URS-FL"]
[Site "Frunze"]
[Date "1979.??.??"]
[Round "17"]
[White "Lerner, Konstantin Z"]
[Black "Grigorian, Karen Ashotovich"]
[Result "1/2-1/2"]
[WhiteElo "2475"]
[BlackElo "2480"]
[PlyCount "61"]
[EventDate "1979.??.??"]
[Source "ChessBase"]

1. Nf3 f5 2. d3 Nf6 3. Bg5 g6 4. e4 Bg7 5. exf5 gxf5 6. Nc3 O-O 7. d4 e6 8. Bd3 Qe8 9. Qe2 Nc6 10. O-O-O Nb4 11. h3 Qg6 12. Bxf6 Nxd3+ 13. Qxd3 Qxf6 14. Ne5 d6 15. Nc4 Qg5+ 16. Ne3 f4 17. h4 Qg6 18. Qxg6 hxg6 19. Nf1 Bd7 20. f3 Rf5 21. Ne4 Bf8 22. Rd3 Be7 23. g4 fxg3 24. Nfxg3 Rf4 25. h5 g5 26. Ne2 Rh4 27. Rg1 Rxh5 28. Nf4 Rh7 29. Nxg5 Rg7 30. Nfh3 Rf8 31. f4 1/2-1/2